[Event "17MCR_F"]
[Site "?"]
[Date "2005.??.??"]
[Round "?"]
[White "Soudny, Jiri"]
[Black "Hybl, Vladislav"]
[Result "1-0"]
[WhiteElo "2326"]
[BlackElo "2309"]
[PlyCount "113"]
[EventDate "2005.??.??"]
[EventType "corr"]
[SourceDate "2005.03.19"]

1. d4 d5 2. c4 c6 3. Nf3 Nf6 4. Nc3 e6 5. e3 Nbd7 6. Bd3 dxc4 7. Bxc4 b5 8. Bd3
Bb7 9. O-O a6 10. e4 c5 11. d5 Qc7 12. dxe6 fxe6 13. Bc2 Bd6 14. Ng5 Nf8 15. f4
O-O-O 16. Qe1 e5 17. f5 h6 18. Nf3 N8d7 19. Bd2 c4 20. Kh1 Kb8 21. Nd1 Qc6 22.
Ba5 Rdg8 23. Ne3 Nxe4 24. b3 Bc5 25. a4 c3 26. axb5 axb5 27. Rd1 Bxe3 28. Rxd7
Qxd7 29. Qxe3 Qd5 30. Bxe4 Qxe4 31. Qc5 Qc6 32. Qxe5+ Kc8 33. Rc1 Re8 34. Qd4
Rd8 35. Bxd8 Rxd8 36. Rxc3 Rxd4 37. Rxc6+ Bxc6 38. Nxd4 Be4 39. b4 Kd7 40. Kg1
Kd6 41. f6 gxf6 42. Nxb5+ Ke5 43. Kf2 f5 44. g3 f4 45. g4 Bc6 46. Na7 Bb7 47.
b5 Kd6 48. h4 Be4 49. b6 Bb7 50. Nb5+ Kc5 51. Nc3 Kxb6 52. h5 Bc8 53. Kf3 Kc7
54. Nb5+ Kd7 55. Kxf4 Ke7 56. Nd4 Kf6 57. Nf5 1-0

[Event "17MCR_F"]
[Site "?"]
[Date "2005.??.??"]
[Round "?"]
[White "Kostal, Jindrich"]
[Black "Nejtek, Jiri"]
[Result "1/2-1/2"]
[WhiteElo "2405"]
[BlackElo "2349"]
[PlyCount "100"]
[EventDate "2005.??.??"]
[EventType "corr"]
[SourceDate "2005.03.19"]

1. e4 e5 2. Nf3 Nc6 3. Bb5 Nf6 4. O-O Nxe4 5. d4 Nd6 6. Bxc6 dxc6 7. dxe5 Nf5
8. Qxd8+ Kxd8 9. Nc3 Ne7 10. Nd4 Ng6 11. f4 Bc5 12. Be3 Bb6 13. Rae1 Ne7 14.
Rf2 Nd5 15. Nxd5 cxd5 16. f5 Rf8 17. c3 c6 18. a3 Kc7 19. b4 Bd7 20. Bf4 Kc8
21. e6 fxe6 22. fxe6 Be8 23. Bd6 Rxf2 24. Kxf2 Bc7 25. Bf8 g6 26. Nb3 b6 27.
Kf3 a5 28. bxa5 bxa5 29. Nc5 Rb8 30. Na6 Rb2 31. Nxc7 Kxc7 32. Re2 Rb1 33. Be7
Rf1+ 34. Ke3 g5 35. c4 Rf4 36. cxd5 cxd5 37. Bxg5 Ra4 38. e7 Rxa3+ 39. Kf4 Kd6
40. Kf5 a4 41. Rc2 h6 42. Bxh6 Kxe7 43. Ke5 Kf7 44. Kxd5 Kg6 45. Bc1 Ra1 46.
Rc3 Ra2 47. Rg3+ Kf5 48. Rg5+ Kf6 49. h4 Rc2 50. Be3 Bc6+ 1/2-1/2

[Event "17MCR_F"]
[Site "?"]
[Date "2005.??.??"]
[Round "?"]
[White "Kostal, Jindrich"]
[Black "Sykora, Josef"]
[Result "0-1"]
[WhiteElo "2405"]
[BlackElo "2394"]
[PlyCount "124"]
[EventDate "2005.??.??"]
[EventType "corr"]
[SourceDate "2005.03.19"]

1. e4 c6 2. d4 d5 3. Nc3 dxe4 4. Nxe4 Nd7 5. Bc4 Ngf6 6. Ng5 e6 7. Qe2 Nb6 8.
Bb3 h6 9. N5f3 a5 10. a3 a4 11. Ba2 c5 12. Be3 Nbd5 13. Bxd5 Nxd5 14. Rd1 Nxe3
15. fxe3 cxd4 16. exd4 Bd6 17. Ne5 O-O 18. Ngf3 b6 19. O-O Ba6 20. Nd3 Qc7 21.
Rf2 Rae8 22. Kh1 Bb7 23. c3 f6 24. Nb4 e5 25. d5 f5 26. Qb5 Qc5 27. Qe2 Bc8 28.
Rff1 Bd7 29. Rfe1 Qc7 30. Rf1 b5 31. Nc6 Bxc6 32. dxc6 Qxc6 33. Qd3 Rf6 34.
Qd5+ Qxd5 35. Rxd5 e4 36. Nd4 f4 37. Re1 e3 38. Nf3 g5 39. h3 Bc7 40. Kg1 Rb6
41. Kf1 Kf7 42. Ke2 Bd6 43. Red1 Ke6 44. R5d3 Ke7 45. g4 fxg3 46. Rxe3+ Kf7 47.
Rxe8 Kxe8 48. Rd5 Bf4 49. Nd4 h5 50. Kf3 h4 51. Kg2 Bc1 52. Re5+ Kf7 53. Re2
Kf6 54. Kg1 Bf4 55. Re1 Rb7 56. Re6+ Kf7 57. Re1 Re7 58. Rf1 Kg6 59. Kg2 Re3
60. Rd1 Kh5 61. Rf1 Rd3 62. Rc1 g4 0-1

[Event "17MCR_F"]
[Site "?"]
[Date "2005.??.??"]
[Round "?"]
[White "Soudny, Jiri"]
[Black "Pravec, Ladislav"]
[Result "1/2-1/2"]
[WhiteElo "2326"]
[BlackElo "2381"]
[PlyCount "95"]
[EventDate "2005.??.??"]
[EventType "corr"]
[SourceDate "2005.03.19"]

1. d4 Nf6 2. c4 g6 3. Nc3 Bg7 4. e4 d6 5. Nf3 O-O 6. Be2 Nbd7 7. O-O c6 8. Re1
e5 9. Bf1 exd4 10. Nxd4 Re8 11. Bf4 Ne5 12. h3 Be6 13. b3 Nh5 14. Be3 Qh4 15.
Qd2 Bxh3 16. gxh3 c5 17. Nce2 cxd4 18. Nxd4 Nf6 19. f3 b5 20. cxb5 d5 21. Bf2
Qh5 22. Bg2 dxe4 23. fxe4 g5 24. Rad1 Rad8 25. Qe3 g4 26. Qg3 gxh3 27. Qxh3 Qg4
28. Qxg4 Nfxg4 29. Nc6 Rc8 30. Bxa7 Nxc6 31. bxc6 Rxc6 32. Re2 h5 33. Bf3 Rc3
34. Kg2 h4 35. Rh1 Ne5 36. Bd4 Rd3 37. Bxe5 Bxe5 38. Rxh4 Re6 39. Bh5 Rg3+ 40.
Kh1 Kf8 41. Rf2 Re7 42. Bd1 Rd7 43. Rf1 Rd2 44. a4 Ke7 45. a5 Bc3 46. a6 Ra2
47. Rh7 Bg7 48. a7 1/2-1/2

[Event "17MCR_F"]
[Site "?"]
[Date "2005.??.??"]
[Round "?"]
[White "Lounek, Jan"]
[Black "Boukal, Petr"]
[Result "1/2-1/2"]
[WhiteElo "2380"]
[BlackElo "2417"]
[PlyCount "116"]
[EventDate "2005.??.??"]
[EventType "corr"]
[SourceDate "2005.03.19"]

1. e4 e6 2. d4 d5 3. Nc3 Bb4 4. e5 c5 5. a3 Bxc3+ 6. bxc3 Ne7 7. Qg4 O-O 8. Bd3
f5 9. exf6 Rxf6 10. Bg5 Rf7 11. Qh5 g6 12. Qd1 Qa5 13. Bd2 Nbc6 14. Nf3 Qc7 15.
dxc5 Ne5 16. Nxe5 Qxe5+ 17. Qe2 Qxe2+ 18. Bxe2 e5 19. Rb1 Nc6 20. c4 Be6 21.
cxd5 Bxd5 22. O-O Nd4 23. Bd1 e4 24. Re1 Rc8 25. c3 Ne6 26. Bg4 Rxc5 27. Bxe6
Bxe6 28. Rxe4 Re7 29. h4 Rc4 30. Rd4 Rxd4 31. cxd4 Kf7 32. Rc1 Rd7 33. Be3 Bd5
34. f3 Ke6 35. Kf2 Bc6 36. Rc3 Rd5 37. Kg3 Kf7 38. Rd3 Bb5 39. Rd1 Bc4 40. Bf4
Rd7 41. Be5 b5 42. Kf4 Ke6 43. Re1 Kd5 44. Bh8 Rf7+ 45. Kg3 a5 46. Re8 b4 47.
Re5+ Kd6 48. Rc5 Bd3 49. Be5+ Ke6 50. axb4 axb4 51. Rc6+ Kd5 52. Rb6 Kc4 53. d5
Kxd5 54. Bf4 Re7 55. Rxb4 h5 56. Rb6 Bf5 57. Rd6+ Kc4 58. Rd8 Re2 1/2-1/2

[Event "17MCR_F"]
[Site "?"]
[Date "2005.??.??"]
[Round "?"]
[White "Hala, Martin"]
[Black "Sykora, Josef"]
[Result "1-0"]
[WhiteElo "2383"]
[BlackElo "2394"]
[PlyCount "121"]
[EventDate "2005.??.??"]
[EventType "corr"]
[SourceDate "2005.03.19"]

1. e4 c6 2. d4 d5 3. exd5 cxd5 4. c3 Nc6 5. Nf3 Nf6 6. Bf4 a6 7. Bd3 Bg4 8.
Nbd2 e6 9. Qc2 Bd6 10. Bxd6 Qxd6 11. O-O Bh5 12. Rae1 Bg6 13. Ne5 Rc8 14. Qb1
Nd7 15. Nxd7 Qxd7 16. f4 Bxd3 17. Qxd3 O-O 18. f5 exf5 19. Rxf5 g6 20. Rf2 Rfe8
21. Rfe2 Na5 22. Qh3 f5 23. Qf3 Rxe2 24. Rxe2 Nc4 25. Nxc4 dxc4 26. Qf1 b5 27.
Qe1 Kf7 28. Qh4 h5 29. Qe1 Rc6 30. Re5 Rd6 31. h4 Rd5 32. Kf2 Qd8 33. g3 Qd7
34. Qe3 Rd6 35. Qh6 Kg8 36. Re2 Rb6 37. a3 Rd6 38. Qe3 Kf7 39. Qe5 Rf6 40. Re3
Qd8 41. Kf3 Qd7 42. Kf4 Qd8 43. Qc5 Rb6 44. Re5 Rd6 45. a4 Rb6 46. axb5 axb5
47. Qd5+ Qxd5 48. Rxd5 b4 49. Rc5 bxc3 50. bxc3 Re6 51. Rxc4 Re4+ 52. Kf3 Rg4
53. Rc6 f4 54. gxf4 Rxh4 55. d5 Rh3+ 56. Ke4 h4 57. c4 Rh1 58. Rc7+ Kf6 59. Rh7
h3 60. Kd4 Kf5 61. d6 1-0

[Event "17MCR_F"]
[Site "?"]
[Date "2005.??.??"]
[Round "?"]
[White "Javorsky, Jan"]
[Black "Vozda, Jindrich"]
[Result "0-1"]
[WhiteElo "2305"]
[BlackElo "2494"]
[PlyCount "118"]
[EventDate "2005.??.??"]
[EventType "corr"]
[SourceDate "2005.03.19"]

1. d4 e6 2. c4 Nf6 3. Nf3 d5 4. Nc3 c6 5. e3 Nbd7 6. Bd3 dxc4 7. Bxc4 b5 8. Bd3
Bb7 9. Ne4 Nxe4 10. Bxe4 a6 11. a4 Nf6 12. Bd3 Qa5+ 13. Bd2 b4 14. O-O c5 15.
Re1 cxd4 16. e4 Bc5 17. e5 Nd7 18. Rc1 h6 19. Bf4 Bd5 20. Nd2 Be7 21. Nc4 Bxc4
22. Bxc4 Rd8 23. Qxd4 Nc5 24. Qe3 g5 25. Bg3 Qxa4 26. b3 Qd7 27. Qe2 O-O 28.
Rcd1 Qc6 29. h4 Kg7 30. Rc1 Rd4 31. hxg5 hxg5 32. f3 Qd7 33. Qe3 Qd8 34. Bf2
Rd7 35. Be2 Nd3 36. Bxd3 Rxd3 37. Qa7 Rc3 38. Bb6 Rxc1 39. Rxc1 Qd2 40. Rf1 Bd8
41. Bc5 Rh8 42. Qxa6 Bc7 43. Qa1 Qf4 44. Re1 Qh4 45. Bd4 f5 46. Kf1 g4 47. Rc1
Bb8 48. Qa4 Rd8 49. Qxb4 gxf3 50. gxf3 Rxd4 51. Qb7+ Kh6 52. Qxb8 Rd8 53. Qb6
Qh3+ 54. Ke1 Qh1+ 55. Kf2 Qh2+ 56. Kf1 Rg8 57. Rc6 Qh1+ 58. Ke2 Rg2+ 59. Ke3
Qe1+ 0-1

[Event "17MCR_F"]
[Site "?"]
[Date "2005.??.??"]
[Round "?"]
[White "Javorsky, Jan"]
[Black "Hybl, Vladislav"]
[Result "0-1"]
[WhiteElo "2305"]
[BlackElo "2305"]
[PlyCount "110"]
[EventDate "2005.??.??"]
[EventType "corr"]
[SourceDate "2005.03.19"]

1. e4 c5 2. Nf3 Nc6 3. d4 cxd4 4. Nxd4 Nf6 5. Nc3 e5 6. Nf5 d5 7. exd5 Bxf5 8.
dxc6 bxc6 9. Qf3 Qd7 10. Bd3 e4 11. Qe2 Bb4 12. Bd2 O-O 13. Bc4 Bg4 14. Qe3
Rad8 15. h3 Bc5 16. Qxc5 Qxd2+ 17. Kf1 Be6 18. Bxe6 fxe6 19. Kg1 Qxc2 20. Kh2
Qxb2 21. Rab1 Qd2 22. Rhe1 Qd4 23. Qxd4 Rxd4 24. Rb2 c5 25. Rbe2 Rc4 26. Nb5
Ra4 27. Nc3 Rb4 28. Kg1 Rd8 29. a3 Rc4 30. Nxe4 Nxe4 31. Rxe4 Rxe4 32. Rxe4
Rd1+ 33. Kh2 Kf7 34. Rc4 Rd5 35. f3 Ke7 36. Kg3 Kd6 37. Rg4 g6 38. Ra4 a5 39.
Kf2 Rd2+ 40. Kg3 Kc6 41. Rxa5 c4 42. Ra8 Kc5 43. a4 c3 44. Rc8+ Kb4 45. a5 Rd6
46. Kf4 Kb3 47. Rb8+ Kc4 48. Ke4 c2 49. Rc8+ Kb3 50. Ke5 Rd5+ 51. Kxe6 Rxa5 52.
Rc6 Kb2 53. Ke7 c1=Q 54. Rxc1 Kxc1 55. Kf7 Kd2 0-1

[Event "17MCR_F"]
[Site "?"]
[Date "2005.??.??"]
[Round "?"]
[White "Soudny, Jiri"]
[Black "Masek, Jan"]
[Result "1-0"]
[WhiteElo "2326"]
[BlackElo "2368"]
[PlyCount "105"]
[EventDate "2005.??.??"]
[EventType "corr"]
[SourceDate "2005.03.19"]

1. d4 Nf6 2. c4 c5 3. d5 b5 4. cxb5 a6 5. bxa6 e6 6. Nc3 Nxd5 7. Nxd5 exd5 8.
Qxd5 Nc6 9. e3 Be7 10. Bd2 O-O 11. Nf3 Qb6 12. Bc3 d6 13. a3 Bxa6 14. h4 Bxf1
15. Kxf1 Nb4 16. Qe4 Rfe8 17. Qg4 Bf8 18. Ng5 d5 19. Qf5 Qa6+ 20. Kg1 Qg6 21.
Qxg6 hxg6 22. Kf1 Nd3 23. Ke2 Nf4+ 24. Kd2 Nxg2 25. Nf3 Re4 26. Rad1 d4 27.
exd4 cxd4 28. Bxd4 Rd8 29. Kc2 Be7 30. h5 Rf4 31. Rh2 Nh4 32. Nxh4 Rfxd4 33.
Rxd4 Rxd4 34. Ng2 Rc4+ 35. Kb3 Rc8 36. Ne3 g5 37. f3 Kh7 38. Rd2 Bc5 39. Nc4
Kh6 40. Kc3 Be3 41. Re2 Bf4 42. b4 Kxh5 43. b5 Kh4 44. b6 Kg3 45. Re7 Kxf3 46.
b7 Rg8 47. a4 f6 48. a5 Bb8 49. a6 g4 50. Na5 g3 51. Nc6 g2 52. Re1 Rh8 53. Rg1
1-0

[Event "17MCR_F"]
[Site "?"]
[Date "2005.??.??"]
[Round "?"]
[White "Laurenc, Petr"]
[Black "Javorsky, Jan"]
[Result "1-0"]
[WhiteElo "2484"]
[BlackElo "2305"]
[PlyCount "117"]
[EventDate "2005.??.??"]
[EventType "corr"]
[SourceDate "2005.03.19"]

1. e4 e6 2. d4 d5 3. Nd2 c5 4. Ngf3 Nc6 5. exd5 exd5 6. Bb5 Bd6 7. dxc5 Bxc5 8.
O-O Nge7 9. Nb3 Bd6 10. Re1 O-O 11. Bg5 Re8 12. Nfd4 Bd7 13. c3 Qc7 14. Nf3 f6
15. Be3 a6 16. Bd3 Ne5 17. Nbd4 Kh8 18. Bc2 Bg4 19. h3 Bh5 20. Bb3 b5 21. Rb1
Rab8 22. a3 Bc5 23. Qd2 Bxf3 24. Nxf3 Nxf3+ 25. gxf3 Bd6 26. Rbd1 Rbd8 27. Bc2
Ng6 28. Qd4 Qf7 29. Bc1 Ne5 30. Kg2 Bb8 31. f4 Ba7 32. Qd2 Ng6 33. Rxe8+ Qxe8
34. Qd3 Bb6 35. Kg3 Qe6 36. Be3 Bxe3 37. Qxe3 Qd6 38. h4 Ne7 39. Re1 Ng8 40. h5
Nh6 41. Qd3 f5 42. Re5 Qc6 43. Qd4 Ng8 44. Bxf5 Qb7 45. Re6 Qf7 46. Bg4 Nf6 47.
Qe5 h6 48. Rxa6 Rf8 49. Re6 Qa7 50. Be2 Kh7 51. Bd3+ Kh8 52. Bg6 Qa8 53. Qc7 d4
54. cxd4 Qd5 55. Qc5 Qd8 56. f3 Kg8 57. Re7 Kh8 58. Rb7 b4 59. a4 1-0

[Event "17MCR_F"]
[Site "?"]
[Date "2005.??.??"]
[Round "?"]
[White "Svoboda, Frantisek"]
[Black "Pytlik, Lesek"]
[Result "1/2-1/2"]
[WhiteElo "2391"]
[BlackElo "2367"]
[PlyCount "118"]
[EventDate "2005.??.??"]
[EventType "corr"]
[SourceDate "2005.03.19"]

1. c4 e5 2. Nc3 Nf6 3. Nf3 Nc6 4. g3 Bb4 5. Nd5 e4 6. Nh4 Bc5 7. Bg2 O-O 8. O-O
Re8 9. d3 exd3 10. Qxd3 Ne5 11. Qc2 Nxd5 12. cxd5 d6 13. b3 a5 14. a3 Bd7 15.
Bb2 Qf6 16. Rac1 Qh6 17. e3 Qh5 18. h3 f6 19. Qd1 Qxd1 20. Rfxd1 g5 21. Bxe5
Rxe5 22. Nf3 Re7 23. Nd4 Kf7 24. Rc3 Rc8 25. Ra1 f5 26. Nf3 h6 27. Ne1 b5 28.
Rc2 f4 29. gxf4 gxf4 30. Nd3 fxe3 31. Nxc5 dxc5 32. Rxc5 Rg8 33. Kh2 Ke8 34.
fxe3 Rxe3 35. Rxc7 Re2 36. Rg1 Bf5 37. Rc3 Rg5 38. Rg3 Ke7 39. h4 Rh5 40. Rc1
Rxh4+ 41. Kg1 Rd4 42. Rg7+ Kf6 43. Rg8 Kf7 44. Rg3 Bg4 45. Bf1 Ra2 46. b4 axb4
47. axb4 Rxb4 48. Bxb5 h5 49. Rf1+ Ke7 50. Re3+ Kd6 51. Rf6+ Kc5 52. Bf1 Rb1
53. d6 Rd2 54. Ra3 Rbd1 55. Ra5+ Kc6 56. Ra7 Kd5 57. Re7 Kc5 58. Re5+ Kc6 59.
Ra5 Be2 1/2-1/2

[Event "17MCR_F"]
[Site "?"]
[Date "2005.??.??"]
[Round "?"]
[White "Sochor, Frantisek"]
[Black "Soudny, Jiri"]
[Result "1/2-1/2"]
[WhiteElo "2308"]
[BlackElo "2326"]
[PlyCount "45"]
[EventDate "2005.??.??"]
[EventType "corr"]
[SourceDate "2005.03.19"]

1. e4 e6 2. d4 d5 3. Nc3 Nf6 4. Bg5 dxe4 5. Nxe4 Be7 6. Bxf6 Bxf6 7. Nf3 O-O 8.
Qd2 Nd7 9. O-O-O b6 10. Bc4 Bb7 11. Rhe1 Bd5 12. Bxd5 exd5 13. Ng3 Re8 14.
Rxe8+ Qxe8 15. Qf4 Qd8 16. h4 Nf8 17. Nf5 Ng6 18. Qg3 h5 19. Ne5 Qe8 20. Ne3
Nxe5 21. dxe5 Qxe5 22. Qxe5 Bxe5 23. Rxd5 1/2-1/2

[Event "17MCR_F"]
[Site "?"]
[Date "2005.??.??"]
[Round "?"]
[White "Masek, Jan"]
[Black "Javorsky, Jan"]
[Result "1-0"]
[WhiteElo "2368"]
[BlackElo "2305"]
[PlyCount "97"]
[EventDate "2005.??.??"]
[EventType "corr"]
[SourceDate "2005.03.19"]

1. e4 e6 2. d4 d5 3. Nd2 c5 4. exd5 Qxd5 5. Ngf3 cxd4 6. Bc4 Qd6 7. O-O Nf6 8.
Nb3 Nc6 9. Nbxd4 Nxd4 10. Nxd4 a6 11. Bb3 Qc7 12. Qf3 Be7 13. Bg5 O-O 14. c3
Bd7 15. Rad1 Rad8 16. Bc2 Qa5 17. Qg3 Qb6 18. Qh4 h5 19. g4 e5 20. gxh5 Rfe8
21. h6 Bf8 22. Ne2 Bc8 23. Rxd8 Qxd8 24. Ng3 Qb6 25. Ba4 Rd8 26. hxg7 Bxg7 27.
Bc2 Re8 28. Bh6 Kf8 29. Re1 Ng4 30. Bxg7+ Kxg7 31. Nh5+ Kf8 32. h3 Qxb2 33.
hxg4 Qxc2 34. Nf4 Qa4 35. Qh8+ Ke7 36. Qxe5+ Kd8 37. Qf6+ Kc7 38. Qxf7+ Kd8 39.
Qxe8+ Qxe8 40. Rxe8+ Kxe8 41. Nd5 Kf7 42. Ne3 Kf6 43. f4 Be6 44. a3 Bxg4 45.
Nxg4+ Kf5 46. Ne3+ Kxf4 47. Kf2 Ke5 48. Ke2 Kd6 49. Nc4+ 1-0

[Event "17MCR_F"]
[Site "?"]
[Date "2005.??.??"]
[Round "?"]
[White "Vozda, Jindrich"]
[Black "Sochor, Frantisek"]
[Result "1/2-1/2"]
[WhiteElo "2494"]
[BlackElo "2308"]
[PlyCount "70"]
[EventDate "2005.??.??"]
[EventType "corr"]
[SourceDate "2005.03.19"]

1. e4 c5 2. Nf3 d6 3. d4 cxd4 4. Nxd4 Nf6 5. Nc3 a6 6. Bg5 e6 7. f4 Qb6 8. Nb3
Nbd7 9. Qf3 Be7 10. Rd1 Qc7 11. Be2 b5 12. a3 Bb7 13. O-O O-O 14. Qh3 Rfe8 15.
Bd3 h6 16. Bh4 Nb6 17. Nd2 Nbd7 18. Rf3 Nc5 19. Kh1 Nxd3 20. cxd3 Qd7 21. d4 e5
22. Qxd7 Nxd7 23. Bxe7 Rxe7 24. fxe5 dxe5 25. d5 Nf6 26. b4 Ne8 27. h3 Nd6 28.
Nb3 Rc7 29. Nc5 Bc8 30. g4 f6 31. Kh2 a5 32. Rg1 axb4 33. axb4 Ra3 34. Rc1 Kf7
35. Kg2 Rca7 1/2-1/2

[Event "17MCR_F"]
[Site "?"]
[Date "2005.??.??"]
[Round "?"]
[White "Pravec, Ladislav"]
[Black "Laurenc, Petr"]
[Result "0-1"]
[WhiteElo "2381"]
[BlackElo "2484"]
[PlyCount "128"]
[EventDate "2005.??.??"]
[EventType "corr"]
[SourceDate "2005.03.19"]

1. d4 d5 2. c4 c6 3. Nf3 Nf6 4. Nc3 e6 5. e3 Nbd7 6. Bd3 dxc4 7. Bxc4 b5 8. Bd3
Bb7 9. e4 b4 10. Na4 c5 11. e5 Nd5 12. dxc5 Nxc5 13. Nxc5 Bxc5 14. O-O h6 15.
Nd2 Qc7 16. Re1 Rd8 17. Qg4 Ne7 18. Qg3 a5 19. a3 Bd5 20. Ne4 Bxe4 21. Bxe4
bxa3 22. bxa3 Bd4 23. Rb1 Bxe5 24. Qh3 O-O 25. Rb7 Qc3 26. Qe3 Nd5 27. Qxc3
Bxc3 28. Rd1 Rb8 29. Ra7 Rfc8 30. Kf1 Rd8 31. Bf3 Rb1 32. h4 Rc8 33. g3 Ra1 34.
Kg2 Rd8 35. Rc7 Rxc1 36. Rxc1 Nxc7 37. Rxc3 Nb5 38. Rc5 Nxa3 39. Rxa5 Nc4 40.
Rc5 Nd6 41. h5 Kf8 42. g4 Ke7 43. Be2 Rc8 44. Rxc8 Nxc8 45. f4 Nb6 46. Kf3 Nd5
47. Bb5 Kf6 48. Bc4 Nb6 49. Ba2 Nd7 50. Bb3 Ke7 51. Bd1 Nf6 52. Kg3 Kd6 53. Kf3
Kc5 54. Ke3 Nd5+ 55. Kf3 f6 56. g5 Kd4 57. gxh6 gxh6 58. Ba4 e5 59. fxe5 Kxe5
60. Bc2 f5 61. Bb3 Nf4 62. Bf7 Ne6 63. Be8 Kf6 64. Bd7 Ng7 0-1

[Event "17MCR_F"]
[Site "?"]
[Date "2005.??.??"]
[Round "?"]
[White "Masek, Jan"]
[Black "Laurenc, Petr"]
[Result "1-0"]
[WhiteElo "2368"]
[BlackElo "2484"]
[PlyCount "125"]
[EventDate "2005.??.??"]
[EventType "corr"]
[SourceDate "2005.03.19"]

1. e4 d6 2. d4 Nf6 3. Nc3 g6 4. g3 Bg7 5. Bg2 O-O 6. Nge2 Nbd7 7. O-O c5 8. h3
Rb8 9. Be3 b6 10. Qd2 Bb7 11. Rad1 b5 12. dxc5 b4 13. cxd6 bxc3 14. Nxc3 a6 15.
dxe7 Qxe7 16. Rfe1 Qe6 17. Bd4 Rfc8 18. Nd5 Bxd5 19. exd5 Qd6 20. b3 Ne8 21.
Bxg7 Nxg7 22. c4 Rb7 23. Re2 Rcb8 24. Rde1 Nc5 25. Qc3 h6 26. Qd2 Kh7 27. Re3
Qb6 28. Be4 a5 29. Bc2 Qd8 30. Qd4 Qd6 31. Kg2 a4 32. bxa4 Ra8 33. Rf3 Ra6 34.
Rb1 Rc7 35. Rb8 Re7 36. Rb5 Rc7 37. a5 f5 38. g4 Nce6 39. Qc3 Nf4+ 40. Kf1 fxg4
41. hxg4 Rf7 42. Qe3 Qf8 43. Qd4 Ra8 44. a4 h5 45. gxh5 Ngxh5 46. d6 Kh6 47.
Re5 Qg7 48. Re4 Qxd4 49. Rxd4 Rd7 50. Re3 Rxa5 51. Re7 Rd8 52. d7 Kg5 53. Re8
Rxd7 54. Rxd7 Nf6 55. Rde7 Nxe8 56. Rxe8 Rc5 57. Re4 Kg4 58. Rd4 g5 59. Be4 Rc7
60. Ke1 Ne6 61. Rd6 Nf4 62. Bc6 Kf5 63. Bb5 1-0

[Event "17MCR_F"]
[Site "?"]
[Date "2005.??.??"]
[Round "?"]
[White "Pravec, Ladislav"]
[Black "Javorsky, Jan"]
[Result "1-0"]
[WhiteElo "2381"]
[BlackElo "2305"]
[PlyCount "149"]
[EventDate "2005.??.??"]
[EventType "corr"]
[SourceDate "2005.03.19"]

1. d4 d5 2. c4 e6 3. Nc3 Be7 4. cxd5 exd5 5. Bf4 c6 6. Qc2 g6 7. e3 Bf5 8. Qd2
Bd6 9. Bxd6 Qxd6 10. Nge2 Ne7 11. Ng3 O-O 12. Be2 Nd7 13. O-O Nb6 14. Rfe1 Rad8
15. Rad1 Kg7 16. a4 a5 17. e4 Be6 18. e5 Qb4 19. Qg5 Ng8 20. Nh5+ Kh8 21. Nf4
Nxa4 22. Nxa4 Qxa4 23. Qh4 Rde8 24. Ra1 Qb3 25. Bd3 h6 26. Qg3 Qxb2 27. Qe3 Qb6
28. Bc2 Qc7 29. Rec1 b6 30. h4 Qd7 31. Rcb1 b5 32. Rxa5 Bf5 33. Bxf5 Qxf5 34.
Rc1 Ne7 35. Nd3 Kg7 36. f3 Qd7 37. Rca1 Qd8 38. g3 Qc8 39. g4 Ng8 40. Nc5 Re7
41. Qf4 Qd8 42. g5 Qc8 43. Ra6 Kh7 44. Kg2 h5 45. R1a2 Rfe8 46. Kg3 Kh8 47. Kg2
Qc7 48. Ra1 Qc8 49. Ra7 Kh7 50. R1a2 Rf8 51. Rxe7 Nxe7 52. Ra7 Qf5 53. Qc1 Nc8
54. Rc7 Nb6 55. Rxc6 Na4 56. Rf6 Qc8 57. Qc2 Nxc5 58. dxc5 Qe8 59. Qe2 Qe7 60.
c6 Re8 61. Qxb5 Qxe5 62. Rxf7+ Kg8 63. Rd7 Ra8 64. Qxd5+ Qxd5 65. Rxd5 Ra2+ 66.
Kg3 Kf7 67. Rd7+ Ke6 68. Rg7 Kf5 69. Rf7+ Ke5 70. Rf6 Ra1 71. Rxg6 Rg1+ 72. Kf2
Rb1 73. Rf6 Rb2+ 74. Kg3 Rb8 75. c7 1-0

[Event "17MCR_F"]
[Site "?"]
[Date "2005.??.??"]
[Round "?"]
[White "Masek, Jan"]
[Black "Pravec, Ladislav"]
[Result "1/2-1/2"]
[WhiteElo "2368"]
[BlackElo "2381"]
[PlyCount "148"]
[EventDate "2005.??.??"]
[EventType "corr"]
[SourceDate "2005.03.19"]

1. e4 c5 2. c3 d5 3. exd5 Qxd5 4. d4 Nf6 5. Nf3 e6 6. Na3 cxd4 7. Nb5 Na6 8.
Nbxd4 Be7 9. Bb5+ Bd7 10. Bxd7+ Nxd7 11. O-O Rd8 12. Qb3 Nb6 13. Nb5 Nc4 14.
Nxa7 O-O 15. Nb5 Rd7 16. Nbd4 Nc5 17. Qc2 Bf6 18. b3 Ne5 19. Nxe5 Bxe5 20. Be3
Qe4 21. Qe2 Rfd8 22. Rad1 Bxd4 23. Rxd4 Rxd4 24. cxd4 Qd3 25. Qd1 Qxd1 26. Rxd1
Na6 27. Rc1 Nb4 28. a4 Kf8 29. Kf1 Ke8 30. Ke2 Nc6 31. Rc4 Na5 32. Rb4 Rd7 33.
Rb5 Nc6 34. Kd3 Ne7 35. Bd2 f6 36. f4 h6 37. a5 g5 38. g3 Nf5 39. Be3 gxf4 40.
gxf4 Ne7 41. b4 Nd5 42. Bd2 f5 43. Rc5 Kd8 44. b5 Rg7 45. Kc4 Kd7 46. a6 Rg8
47. axb7 Rb8 48. Rc6 Rxb7 49. Kc5 Ra7 50. Be1 Ra2 51. Rd6+ Ke7 52. Bh4+ Kf7 53.
Rd7+ Ke8 54. Kd6 Rxh2 55. Be1 h5 56. Ba5 Rb2 57. Rb7 h4 58. Kxe6 Nxf4+ 59. Ke5
Nh5 60. d5 Re2+ 61. Kxf5 Rf2+ 62. Ke5 Re2+ 63. Kd4 Nf6 64. Rb8+ Kf7 65. Rh8 Rb2
66. Kc5 Nxd5 67. Rxh4 Ke6 68. Re4+ Kd7 69. Rg4 Nf6 70. Rg7+ Kc8 71. Rc7+ Kb8
72. Re7 Rc2+ 73. Kd4 Rb2 74. Re5 Nd7 1/2-1/2

[Event "17MCR_F"]
[Site "?"]
[Date "2005.??.??"]
[Round "?"]
[White "Kostal, Jindrich"]
[Black "Hybl, Vladislav"]
[Result "1/2-1/2"]
[WhiteElo "2405"]
[BlackElo "2305"]
[PlyCount "108"]
[EventDate "2005.??.??"]
[EventType "corr"]
[SourceDate "2005.03.19"]

1. e4 c5 2. Nf3 Nc6 3. d4 cxd4 4. Nxd4 Nf6 5. Nc3 e5 6. Ndb5 d6 7. Bg5 a6 8.
Na3 b5 9. Bxf6 gxf6 10. Nd5 f5 11. c3 Bg7 12. exf5 Bxf5 13. Nc2 O-O 14. Nce3
Be6 15. Bd3 f5 16. O-O Ra7 17. a4 Ne7 18. Nxe7+ Rxe7 19. axb5 axb5 20. Bxb5 d5
21. Qa4 f4 22. Nc2 Ref7 23. Bc6 Qg5 24. Rfd1 e4 25. Qb5 e3 26. Rxd5 Bxd5 27.
Qxd5 Qh6 28. Qf3 Kh8 29. Kh1 Re7 30. Nb4 Qd6 31. Bd5 Rfe8 32. Nc6 Rd7 33. Nb4
Qc5 34. Re1 Re5 35. fxe3 Rxe3 36. Rxe3 Qxe3 37. Bc4 Qxf3 38. gxf3 Rd1+ 39. Kg2
Rd2+ 40. Kh3 Rxb2 41. Nd5 Rf2 42. Kg4 Rxh2 43. Bd3 Rd2 44. Be4 Rd1 45. c4 Rd4
46. Nb6 Bf8 47. Kxf4 Bc5 48. Nd5 Rxc4 49. Kf5 Bd4 50. Nf4 Rc5+ 51. Nd5 Kg7 52.
f4 Bf2 53. Kg5 h6+ 54. Kg4 Rc8 1/2-1/2

[Event "17MCR_F"]
[Site "?"]
[Date "2005.??.??"]
[Round "?"]
[White "Hybl, Vladislav"]
[Black "Lounek, Jan"]
[Result "1/2-1/2"]
[WhiteElo "2305"]
[BlackElo "2380"]
[PlyCount "121"]
[EventDate "2005.??.??"]
[EventType "corr"]
[SourceDate "2005.03.19"]

1. d4 Nf6 2. c4 e6 3. Nc3 Bb4 4. e3 O-O 5. Bd3 d5 6. Nf3 c5 7. O-O dxc4 8. Bxc4
Nbd7 9. a3 cxd4 10. axb4 dxc3 11. bxc3 Qc7 12. Qb3 b6 13. Be2 Bb7 14. Rd1 Ne5
15. Nxe5 Qxe5 16. f3 Bd5 17. Qc2 Qc7 18. c4 Rac8 19. c5 bxc5 20. e4 cxb4 21.
Qxc7 Rxc7 22. Bf4 Rc6 23. exd5 Nxd5 24. Bg3 b3 25. Rdb1 Nc3 26. Rb2 Nxe2+ 27.
Rxe2 Rb6 28. Rb2 Ra8 29. Ra3 a5 30. Rbxb3 Rxb3 31. Rxb3 a4 32. Ra3 f6 33. Be1
e5 34. Kf2 Kf7 35. Ke3 Ke6 36. h3 h5 37. Ra2 g5 38. Kd3 Kf5 39. Kc4 g4 40.
fxg4+ hxg4 41. h4 Ke4 42. Re2+ Kf5 43. Kb4 Ke6 44. Ka3 Kd5 45. g3 Rb8 46. Kxa4
f5 47. Bc3 Kc4 48. Ba5 e4 49. Re1 Rb2 50. Rc1+ Kd3 51. Rc3+ Kd4 52. Ra3 Kc4 53.
Bc3 Rb6 54. Bd2 Ra6+ 55. Ba5 Rh6 56. Re3 Kd4 57. Re1 f4 58. gxf4 Rxh4 59. Bb6+
Kd5 60. Kb4 g3 61. Be3 1/2-1/2

[Event "17MCR_F"]
[Site "?"]
[Date "2005.??.??"]
[Round "?"]
[White "Pytlik, Lesek"]
[Black "Boukal, Petr"]
[Result "1/2-1/2"]
[WhiteElo "2367"]
[BlackElo "2417"]
[PlyCount "119"]
[EventDate "2005.??.??"]
[EventType "corr"]
[SourceDate "2005.03.19"]

1. e4 e6 2. d4 d5 3. Nd2 c5 4. exd5 Qxd5 5. Ngf3 cxd4 6. Bc4 Qd6 7. O-O Nf6 8.
Nb3 Nc6 9. Nbxd4 Nxd4 10. Nxd4 a6 11. c3 Qc7 12. Bd3 Bd6 13. h3 Bd7 14. Bg5 h6
15. Bh4 O-O-O 16. Qf3 Bh2+ 17. Kh1 Be5 18. Rad1 g5 19. Bg3 Bf4 20. Rfe1 e5 21.
Nf5 Ba4 22. b3 Bc6 23. Qe2 Nd5 24. Qc2 f6 25. Kg1 Kb8 26. Bf1 Bxg3 27. Nxg3 Nf4
28. c4 h5 29. b4 h4 30. Ne2 Ne6 31. Qb3 Rxd1 32. Rxd1 Rd8 33. Nc3 Nd4 34. Qa3
Qd6 35. Qa5 Be8 36. b5 axb5 37. cxb5 b6 38. Qa6 Bd7 39. Ne4 Bc8 40. Nxd6 Bxa6
41. Nf7 Rd7 42. bxa6 Rxf7 43. Rc1 Rd7 44. a4 Rd5 45. f3 Rc5 46. Rxc5 bxc5 47.
Kf2 Nf5 48. Bb5 Nd6 49. Ke3 f5 50. Kd2 e4 51. fxe4 Nxe4+ 52. Ke3 Nd6 53. Bd3
Ka7 54. Be2 Kb6 55. Kf3 c4 56. Ke3 f4+ 57. Kd4 Ka7 58. Kc3 Kxa6 59. Kb4 Kb7 60.
Bf3+ 1/2-1/2